000 00460nam a2200145 a 4500
001 000033382
005 20200930070223.0
008 110825s1931 dr 000 0 spa d
040 _aDO-SdBNP
_bspa
_cBNPHU
082 _axxx
_bC183j
100 1 _aCaminero Sánchez, Mario
_958909
245 1 0 _aJardines de ensueños /
_cMario Caminero Sánchez.
260 _aSan Pedro de Macorís, República Dominicana :
_bImprenta Cervantes,
_c1931.
300 _a56 p. ;
_c22 cm.
999 _c32873
_d32873